David Bowie - Statistics

General Stats
  • This quiz has been taken 180 times
  • The average score is 12 of 15
Answer Stats
Question Answer % Correct
How many children did he have? 2
93%
How many wives did he have? 2
93%
What year did he die? 2016
91%
How old was he at his death? 69
91%
What country was he born in? United Kingdom
90%
What year was he born 1947
87%
What was his first album? David Bowie
85%
What was his final album? Blackstar
84%
What was his real name? David Jones
80%
What month was he born in? January
78%
What city was he born in? London
68%
What state did he die in? New York
67%
What city did he die in? New York City
64%
What was his cause of death? Liver Cancer
62%
Where does he have his own personal star? The Hollywood Walk of Fame
20%
No matching quizzes found
Score Distribution
Percent of People with Each Score
Percentile by Number Answered
Your Score History
You have not taken this quiz